| 000 | 00492nam a2200193 a 4500 | ||
|---|---|---|---|
| 005 | 20210219153537.0 | ||
| 008 | 991125n 000 0 spa u | ||
| 035 | _aUPN01000105654 | ||
| 100 | _aCASTRO ALEGRET, Pedro L. | ||
| 222 | _aPEDAGOGIA CUBANA | ||
| 245 | _aQué es la familia y como educa a sus hijos? | ||
| 300 | _a12-20 | ||
| 362 | _a1990 Año 2, no. 5 ene.-mar. | ||
| 653 | 0 | _aFAMILIA | |
| 653 | 0 | _aNIÑOS | |
| 653 | 0 | _aPADRES | |
| 904 |
_aAC _b043465 |
||
| 905 | _aArticulo | ||
| 999 |
_c79589 _d79589 |
||